Operating System Concepts (Record no. 85)

MARC details
000 -LEADER
fixed length control field 00418nam a2200181Ia 4500
008 - FIXED-LENGTH DATA ELEMENTS--GENERAL INFORMATION
fixed length control field 221030s9999 xx 000 0 und d
020 ## - INTERNATIONAL STANDARD BOOK NUMBER
ISBN 981253055X
041 ## - LANGUAGE CODE
Language code of text/sound track or separate title
082 ## - DEWEY DECIMAL CLASSIFICATION NUMBER
Classification number 105.23
Item number Sil
100 ## - MAIN ENTRY--AUTHOR NAME
Personal name A. Silberschatz
245 #0 - TITLE STATEMENT
Title Operating System Concepts
250 ## - EDITION STATEMENT
Edition statement 6th
260 ## - PUBLICATION, DISTRIBUTION, ETC. (IMPRINT)
Name of publisher John Wiley & Sons
Place of publication Mumbai
Year of publication 2003
300 ## - PHYSICAL DESCRIPTION
Number of Pages 951
650 ## - SUBJECT ADDED ENTRY--TOPICAL TERM
Topical Term COMPUTERS
700 ## - ADDED ENTRY--PERSONAL NAME
Personal name P. B. Galvin
942 ## - ADDED ENTRY ELEMENTS (KOHA)
Koha item type Books
Holdings
Accession Number Cost, normal purchase price Full call number Price effective from Koha item type Withdrawn / writtenoff status Materials specified (bound volume or other part) Damaged status Not for loan Permanent Location Current Location Shelving location Date acquired Lost/ Missing status department
M 85 9.00 105.23 Sil 10/30/2022 Books   Print     MIET Library, Jammu MIET Library, Jammu BL-Academic Block- B, FL-2, CUP-97, SH-3, R-3 05/01/2004   MCA
M 86 9.00 105.23 Sil 10/30/2022 Books   Print     MIET Library, Jammu MIET Library, Jammu BL-Academic Block B, FL-2, CUP-81, SH-4, R-4 05/01/2004   MCA